000 00634nam a2200217Ia 4500
003 OSt
005 20220926005244.0
006 a|||||r|||| 00| 0
007 ta
008 220923b |||||||| |||| 00| 0 eng d
037 _cGeneral Book
040 _aRTL
_cRTL
_beng
041 _2eng
_aeng
082 _aYxM58:g, M6/TD
100 _aJones Robert Alun
_9247632
245 0 _aEmile Durkhem
_b An Introduction to Four Major Works
260 _a New Delhi
_bSage Publications India
_c1986
300 _a165p.
_ccm.
942 _hYxM58:g, M6/TD
_cGB
_2CC
999 _c613310
_d613310